[Event "33. Copenhagen Open (Politiken Cup)"]
[Site "Elsinore"]
[Date "2011.08.07"]
[Round "10"]
[White "Rasmussen, Jonas H"]
[Black "Rasmussen, Henning Lau"]
[Result "1/2-1/2"]
[WhiteElo "1598"]
[BlackElo "1829"]
[PlyCount "81"]
[EventDate "2011.07.30"]
[EventType "swiss"]
[EventRounds "10"]
[EventCountry "DEN"]
[Source "ChessBase"]
[SourceDate "2011.08.29"]

1. e4 e6 2. d4 d5 3. exd5 exd5 4. Nf3 Nf6 5. c4 Be7 6. Nc3 O-O 7. Bd3 Nc6 8.
O-O Bg4 9. Be3 Nb4 10. Bf4 Nxd3 11. Qxd3 dxc4 12. Qxc4 Bxf3 13. gxf3 c6 14. Kh1
Qd7 15. Rg1 Qf5 16. Ne2 Nd5 17. Rg4 Nxf4 18. Rxf4 Qe6 19. Qd3 Rfe8 20. Rg1 g6
21. Rfg4 Bd6 22. Re4 Qf6 23. Reg4 Qe6 24. Re4 Qh3 25. Nf4 Bxf4 26. Rxf4 Qe6 27.
a3 Rad8 28. Re4 Qd5 29. Rge1 Rxe4 30. Rxe4 c5 31. Re1 Qxd4 32. Qc2 c4 33. Kg2
Qd3 34. Qa4 a6 35. Re8+ Rxe8 36. Qxe8+ Kg7 37. Qe5+ Kh6 38. Qf4+ Kg7 39. Qe5+
Kh6 40. Qf4+ Kg7 41. Qe5+ 1/2-1/2

[Event "33. Copenhagen Open (Politiken Cup)"]
[Site "Elsinore"]
[Date "2011.08.07"]
[Round "10"]
[White "Rasmussen, Morten Fredsgaard"]
[Black "Poulsen, Klaus E"]
[Result "0-1"]
[WhiteElo "1931"]
[BlackElo "2148"]
[PlyCount "58"]
[EventDate "2011.07.30"]
[EventType "swiss"]
[EventRounds "10"]
[EventCountry "DEN"]
[Source "ChessBase"]
[SourceDate "2011.08.29"]

1. d4 c5 2. c3 Qa5 3. dxc5 Qxc5 4. Nf3 e5 5. e4 Nf6 6. Bd3 d5 7. exd5 Qxd5 8.
Be2 Qxd1+ 9. Bxd1 Nc6 10. O-O Bg4 11. Be3 Nd5 12. Re1 Nxe3 13. Rxe3 O-O-O 14.
Nbd2 Bf5 15. Nc4 f6 16. Re1 Bd3 17. Be2 b5 18. Ne3 Bc5 19. Rad1 Bxe2 20. Rxd8+
Rxd8 21. Rxe2 e4 22. Ne1 g6 23. Kf1 f5 24. c4 Bxe3 25. cxb5 Bxf2 26. bxc6 e3
27. c7 Kxc7 28. Rc2+ Kd6 29. Re2 g5 0-1

[Event "33. Copenhagen Open (Politiken Cup)"]
[Site "Elsinore"]
[Date "2011.08.07"]
[Round "10"]
[White "Rauramaa, Kari"]
[Black "Jensen, Michael Agermose"]
[Result "1-0"]
[WhiteElo "2217"]
[BlackElo "2109"]
[PlyCount "131"]
[EventDate "2011.07.30"]
[EventType "swiss"]
[EventRounds "10"]
[EventCountry "DEN"]
[Source "ChessBase"]
[SourceDate "2011.08.29"]

1. e4 c5 2. Nf3 g6 3. Nc3 Bg7 4. d4 cxd4 5. Nxd4 d6 6. Bc4 Nf6 7. Bb3 Nc6 8. h3
O-O 9. Be3 Bd7 10. Qd2 Qa5 11. O-O Nxd4 12. Qxd4 Ng4 13. Qd5 Bxc3 14. hxg4 Bc6
15. Qxa5 Bxa5 16. f3 Rfc8 17. c3 a6 18. Kf2 b5 19. Rh1 Kg7 20. Bh6+ Kg8 21. Rh3
b4 22. cxb4 Bxb4 23. Rah1 Bc5+ 24. Be3 Bxe3+ 25. Kxe3 e6 26. Rxh7 Kf8 27. Rh8+
Ke7 28. Rxc8 Rxc8 29. Rc1 Kd7 30. Rc3 Rb8 31. Kf4 Rb6 32. Kg5 Ke7 33. Bc4 a5
34. Rb3 Rxb3 35. Bxb3 Bb5 36. Kf4 Kf6 37. g5+ Ke7 38. g3 Kd7 39. Ke3 Kc6 40.
Kd4 Kb6 41. f4 Bd7 42. a3 Kb5 43. Bc2 Kb6 44. g4 Kb5 45. f5 Be8 46. Bd3+ Kb6
47. b3 Kc6 48. a4 Kb6 49. Kc4 Bc6 50. Kd4 Be8 51. Bc2 Kc6 52. Kc4 Kb6 53. Bd3
Kc6 54. b4 d5+ 55. exd5+ exd5+ 56. Kd4 Kd6 57. bxa5 gxf5 58. gxf5 Bxa4 59. g6
fxg6 60. fxg6 Be8 61. g7 Bf7 62. Be2 Kc6 63. Bf3 Bg8 64. a6 Kb6 65. Bxd5 Bh7
66. Bc4 1-0

[Event "33. Copenhagen Open (Politiken Cup)"]
[Site "Elsinore"]
[Date "2011.08.07"]
[Round "10"]
[White "Rehn, Ralf"]
[Black "Skovgaard, Tom"]
[Result "1-0"]
[WhiteElo "2237"]
[BlackElo "2013"]
[PlyCount "61"]
[EventDate "2011.07.30"]
[EventType "swiss"]
[EventRounds "10"]
[EventCountry "DEN"]
[Source "ChessBase"]
[SourceDate "2011.08.29"]

1. d4 Nf6 2. Nf3 e6 3. Bf4 d5 4. e3 Bd6 5. Bg3 O-O 6. Nbd2 c5 7. dxc5 Bxc5 8.
Nb3 Bd6 9. Bh4 Be7 10. Be2 b6 11. O-O Ba6 12. Ne5 Ne4 13. Bxa6 Bxh4 14. Bb7 Qc7
15. Bxa8 Qxe5 16. f3 Nd6 17. Qd4 Bf6 18. Qxe5 Bxe5 19. e4 Na6 20. Bc6 Nb4 21.
f4 Bxb2 22. Rab1 Bc3 23. exd5 exd5 24. Bxd5 Nxd5 25. Rfd1 Nxf4 26. Rxd6 Re8 27.
Rbd1 g5 28. g3 Ne2+ 29. Kf2 Be5 30. Rd8 Bd4+ 31. R1xd4 1-0

[Event "33. Copenhagen Open (Politiken Cup)"]
[Site "Elsinore"]
[Date "2011.08.07"]
[Round "10"]
[White "Romanishin, Oleg M"]
[Black "Christensen, Bo Garner"]
[Result "1-0"]
[WhiteElo "2526"]
[BlackElo "2289"]
[PlyCount "75"]
[EventDate "2011.07.30"]
[EventType "swiss"]
[EventRounds "10"]
[EventCountry "DEN"]
[Source "ChessBase"]
[SourceDate "2011.08.29"]

1. d4 Nf6 2. Nf3 g6 3. g3 Bg7 4. Bg2 O-O 5. c4 d6 6. O-O Nc6 7. Nc3 Bg4 8. h3
Bxf3 9. Bxf3 Nd7 10. Bg2 e5 11. dxe5 Ndxe5 12. Qa4 h5 13. h4 a6 14. Rd1 Qb8 15.
Nd5 Re8 16. Qc2 Ng4 17. e3 Nce5 18. Bd2 c6 19. Nb6 Nxf2 20. Kxf2 Ng4+ 21. Kg1
d5 22. Be1 Rxe3 23. Rd3 Qa7 24. c5 Rae8 25. Rxe3 Rxe3 26. Bh3 Bd4 27. Kh1 Qb8
28. Bxg4 Rxe1+ 29. Rxe1 Qxg3 30. Re8+ Kg7 31. Qg2 Qf4 32. Bh3 Bxc5 33. Nd7 Bd6
34. Re1 Qxh4 35. Rf1 Qd4 36. Nf6 Qe5 37. Qf2 Qe7 38. Ne8+ 1-0

[Event "33. Copenhagen Open (Politiken Cup)"]
[Site "Elsinore"]
[Date "2011.08.07"]
[Round "10"]
[White "Rorvik, Jon Fredrik"]
[Black "Meier, Lars"]
[Result "0-1"]
[WhiteElo "2172"]
[BlackElo "1980"]
[PlyCount "120"]
[EventDate "2011.07.30"]
[EventType "swiss"]
[EventRounds "10"]
[EventCountry "DEN"]
[Source "ChessBase"]
[SourceDate "2011.08.29"]

1. c4 g6 2. Nc3 Bg7 3. g3 c6 4. Bg2 f5 5. e3 Nf6 6. Nge2 O-O 7. d4 d6 8. O-O e5
9. b3 Re8 10. Bb2 e4 11. d5 c5 12. Nf4 Ng4 13. Rb1 Ne5 14. Nb5 a6 15. Na3 Qa5
16. Qe1 Qc7 17. Qe2 Bh8 18. f3 exf3 19. Bxf3 Nxf3+ 20. Qxf3 Bxb2 21. Rxb2 Qa5
22. Nb1 Nd7 23. Nd3 Nf6 24. Nf2 b5 25. Qf4 Qd8 26. Nd2 Nh5 27. Qf3 Qf6 28. Rc2
Qg5 29. Re1 Ra7 30. Nf1 Rae7 31. Rce2 Nf6 32. e4 fxe4 33. Nxe4 Nxe4 34. Rxe4
Bf5 35. R4e3 Rxe3 36. Rxe3 Rf8 37. Qe2 Bg4 38. Qe1 Qf6 39. Nd2 Bh3 40. Re8 Qd4+
41. Kh1 Rxe8 42. Qxe8+ Kg7 43. Qe7+ Kh6 44. Qh4+ Qxh4 45. gxh4 Bf5 46. Kg2 Kg7
47. a3 Kf6 48. Kf3 Ke5 49. Ke3 Bc2 50. Nf3+ Kf5 51. Nd2 Kg4 52. b4 cxb4 53.
axb4 bxc4 54. Kd4 Bd3 55. Nxc4 Bxc4 56. Kxc4 Kf4 57. b5 axb5+ 58. Kxb5 Ke4 59.
Kc6 Ke5 60. Kd7 Kxd5 0-1

[Event "33. Copenhagen Open (Politiken Cup)"]
[Site "Elsinore"]
[Date "2011.08.07"]
[Round "10"]
[White "Rydstrom, Tom"]
[Black "Nielsen, Michael1"]
[Result "1-0"]
[WhiteElo "1905"]
[BlackElo "2170"]
[PlyCount "112"]
[EventDate "2011.07.30"]
[EventType "swiss"]
[EventRounds "10"]
[EventCountry "DEN"]
[Source "ChessBase"]
[SourceDate "2011.08.29"]

1. e4 c5 2. Nf3 Nc6 3. d4 cxd4 4. Nxd4 Nf6 5. Nc3 e5 6. Ndb5 d6 7. Bg5 a6 8.
Na3 b5 9. Nd5 Be7 10. Nxe7 Nxe7 11. Bxf6 gxf6 12. c4 Qa5+ 13. Qd2 Qxd2+ 14.
Kxd2 f5 15. cxb5 fxe4 16. Nc4 O-O 17. Na3 axb5 18. Bxb5 Be6 19. Rhb1 Rfb8 20.
Be2 d5 21. Nb5 d4 22. a4 Bd7 23. Bc4 Nc8 24. Bd5 Ra6 25. Bxe4 Nb6 26. b3 f5 27.
Bc2 Nd5 28. Bd3 Nb4 29. Bc4+ Kg7 30. Na3 Rg6 31. g3 Bc6 32. Nc2 Nxc2 33. Kxc2
Be4+ 34. Bd3 Rc6+ 35. Kd2 Bxd3 36. Kxd3 Rc3+ 37. Kd2 Rcxb3 38. Rxb3 Rxb3 39. a5
e4 40. a6 Rb2+ 41. Ke1 Rb8 42. a7 Ra8 43. Ke2 Kf6 44. f3 h5 45. Ra6+ Ke5 46. h3
Kd5 47. fxe4+ Kxe4 48. Ra4 f4 49. gxf4 Kxf4 50. Rxd4+ Kg3 51. Rd3+ Kh4 52. Ra3
Re8+ 53. Kf2 Rf8+ 54. Kg2 Rg8+ 55. Kh2 Ra8 56. Ra5 Rg8 1-0

[Event "33. Copenhagen Open (Politiken Cup)"]
[Site "Elsinore"]
[Date "2011.08.07"]
[Round "10"]
[White "Salomonsen, Sixten"]
[Black "Celander, Adam"]
[Result "1/2-1/2"]
[WhiteElo "1742"]
[BlackElo "2006"]
[PlyCount "79"]
[EventDate "2011.07.30"]
[EventType "swiss"]
[EventRounds "10"]
[EventCountry "DEN"]
[Source "ChessBase"]
[SourceDate "2011.08.29"]

1. e4 Nf6 2. Nc3 Nc6 3. Nf3 d5 4. exd5 Nxd5 5. Bc4 e6 6. O-O Be7 7. Re1 O-O 8.
d4 Bb4 9. Qd3 h6 10. a3 Bd6 11. g3 Be7 12. Ba2 b6 13. Ne2 Bf6 14. c4 Nde7 15.
Bb1 Ng6 16. h4 Re8 17. h5 Nf8 18. Bf4 e5 19. dxe5 Qxd3 20. Bxd3 Nxe5 21. Nxe5
Bxe5 22. Bxe5 Rxe5 23. Nf4 Rxe1+ 24. Rxe1 Ne6 25. Nxe6 Bxe6 26. f3 Rd8 27. Re3
Rd4 28. g4 Kf8 29. b3 a5 30. a4 Ke7 31. Bf5 Kd6 32. Bxe6 fxe6 33. Kf2 e5 34.
Ke2 Ke6 35. Rd3 c5 36. Re3 Kf6 37. Ke1 Ke6 38. Ke2 Kf6 39. Ke1 Ke6 40. Ke2
1/2-1/2

[Event "33. Copenhagen Open (Politiken Cup)"]
[Site "Elsinore"]
[Date "2011.08.07"]
[Round "10"]
[White "Savchenko, Boris"]
[Black "Nielsen, Peter Heine"]
[Result "1/2-1/2"]
[WhiteElo "2615"]
[BlackElo "2681"]
[PlyCount "41"]
[EventDate "2011.07.30"]
[EventType "swiss"]
[EventRounds "10"]
[EventCountry "DEN"]
[Source "ChessBase"]
[SourceDate "2011.08.29"]

1. e4 e5 2. Nf3 Nc6 3. Bc4 Bc5 4. c3 Nf6 5. d3 a6 6. O-O Ba7 7. d4 d6 8. dxe5
Nxe5 9. Nxe5 dxe5 10. Qxd8+ Kxd8 11. Nd2 Ke7 12. Nf3 Nxe4 13. Nxe5 Be6 14. Bf4
Rhe8 15. Bd3 Nf6 16. Rfe1 Kf8 17. Bc4 Rad8 18. Bxe6 Rxe6 19. Nf3 Ne4 20. Kf1
Bb6 21. Ng5 1/2-1/2

[Event "33. Copenhagen Open (Politiken Cup)"]
[Site "Elsinore"]
[Date "2011.08.07"]
[Round "10"]
[White "Savio, Niklas"]
[Black "Christiansen, Niels Jorgen"]
[Result "1-0"]
[WhiteElo "1040"]
[BlackElo "1768"]
[PlyCount "69"]
[EventDate "2011.07.30"]
[EventType "swiss"]
[EventRounds "10"]
[EventCountry "DEN"]
[Source "ChessBase"]
[SourceDate "2011.08.29"]

1. c4 Nf6 2. g3 c6 3. Bg2 d5 4. cxd5 cxd5 5. d4 Nc6 6. e3 e6 7. Nf3 Bd6 8. Nc3
a6 9. O-O b5 10. Qc2 Bb7 11. a3 Rc8 12. Qe2 O-O 13. e4 dxe4 14. Nxe4 Nxe4 15.
Qxe4 Ba8 16. Ng5 g6 17. Qh4 h5 18. g4 Kg7 19. gxh5 Rh8 20. h6+ Kf8 21. Bh3 Nxd4
22. Rd1 Ne2+ 23. Kf1 Rxc1 24. Kxe2 Rxd1 25. Rxd1 Qe7 26. Qd4 Rxh6 27. Qxd6 Qxd6
28. Rxd6 Bd5 29. Bf1 Rxh2 30. Ke3 Rh1 31. Bd3 f6 32. Nxe6+ Ke7 33. Rxd5 Kxe6
34. Rd8 g5 35. Ra8 1-0

[Event "33. Copenhagen Open (Politiken Cup)"]
[Site "Elsinore"]
[Date "2011.08.07"]
[Round "10"]
[White "Sbarra, Marco"]
[Black "Svane, Rasmus"]
[Result "0-1"]
[WhiteElo "2266"]
[BlackElo "2346"]
[PlyCount "70"]
[EventDate "2011.07.30"]
[EventType "swiss"]
[EventRounds "10"]
[EventCountry "DEN"]
[Source "ChessBase"]
[SourceDate "2011.08.29"]

1. d4 d5 2. c4 e6 3. Nc3 Be7 4. cxd5 exd5 5. Bf4 Nf6 6. e3 Bf5 7. Bd3 Bxd3 8.
Qxd3 c6 9. Nf3 Nbd7 10. h3 O-O 11. O-O Re8 12. Rab1 a5 13. Rfd1 Nb6 14. Ne5 Bd6
15. Rbc1 Bxe5 16. Bxe5 Nc4 17. Bxf6 Qxf6 18. Rc2 Nd6 19. Na4 Re7 20. Nc5 Qg5
21. a4 Nf5 22. Qf1 Nh4 23. Rc3 Rd8 24. Rb3 Rd6 25. f4 Qf5 26. Nxb7 Qc2 27. Nxa5
Re8 28. Rc3 Qxb2 29. Rxc6 Rxc6 30. Nxc6 Nf5 31. Qb5 Qc2 32. Re1 Qc3 33. Re2 Ng3
34. Rf2 Qe1+ 35. Rf1 Ne2+ 0-1

[Event "33. Copenhagen Open (Politiken Cup)"]
[Site "Elsinore"]
[Date "2011.08.07"]
[Round "10"]
[White "Schandorff, Lars"]
[Black "Matthiesen, Martin"]
[Result "1-0"]
[WhiteElo "2497"]
[BlackElo "2251"]
[PlyCount "117"]
[EventDate "2011.07.30"]
[EventType "swiss"]
[EventRounds "10"]
[EventCountry "DEN"]
[Source "ChessBase"]
[SourceDate "2011.08.29"]

1. d4 Nf6 2. c4 g6 3. Nc3 Bg7 4. e4 d6 5. f3 O-O 6. Be3 c5 7. Nge2 Nc6 8. d5
Ne5 9. Ng3 e6 10. Be2 exd5 11. cxd5 a6 12. a4 Bd7 13. O-O b5 14. h3 Rb8 15.
axb5 Bxb5 16. Nxb5 axb5 17. b3 b4 18. Ra6 Rb6 19. Ra7 Qb8 20. Ra2 Qc7 21. Qc2
Ned7 22. Bc4 Rbb8 23. Rfa1 Nb6 24. Ra7 Rb7 25. Rxb7 Qxb7 26. Ra2 Ra8 27. Be2
Nfd7 28. Nf1 Ra7 29. Nd2 Qa8 30. Rxa7 Qxa7 31. Bb5 Qa1+ 32. Kf2 Bd4 33. Bxd7
Bxe3+ 34. Kxe3 Qe1+ 35. Kd3 Nxd7 36. Nc4 Qg3 37. Ke3 g5 38. Qf2 Qf4+ 39. Ke2
Qf6 40. Qg3 Ne5 41. Nxe5 dxe5 42. h4 h6 43. hxg5 hxg5 44. Qg4 Qa6+ 45. Ke3 c4
46. Qxg5+ Kh7 47. Qh5+ Kg8 48. Qxe5 cxb3 49. Qb8+ Kh7 50. Qxb4 Qa7+ 51. Kf4 Qa2
52. d6 Qxg2 53. Qxb3 Qh2+ 54. Kf5 Kh6 55. Qxf7 Qh3+ 56. Ke5 Qf1 57. d7 Qb5+ 58.
Qd5 Qb2+ 59. Kf5 1-0

[Event "33. Copenhagen Open (Politiken Cup)"]
[Site "Elsinore"]
[Date "2011.08.07"]
[Round "10"]
[White "Schmidt, Horst Hubert"]
[Black "Nielsen, Borge Hjerrild"]
[Result "1-0"]
[WhiteElo "1816"]
[BlackElo "2083"]
[PlyCount "69"]
[EventDate "2011.07.30"]
[EventType "swiss"]
[EventRounds "10"]
[EventCountry "DEN"]
[Source "ChessBase"]
[SourceDate "2011.08.29"]

1. e4 c6 2. g3 d5 3. Bg2 dxe4 4. Bxe4 Nf6 5. Bg2 Bg4 6. Ne2 Nbd7 7. h3 Bf5 8.
d3 e5 9. Nbc3 Be7 10. g4 Be6 11. Ng3 Nd5 12. Nce4 h6 13. Bd2 Qb6 14. Qc1 O-O-O
15. a4 N7f6 16. a5 Qc7 17. a6 b6 18. O-O Nxe4 19. Bxe4 Rdg8 20. c4 Nf6 21. Bg2
h5 22. g5 Nd7 23. b4 f5 24. f4 h4 25. Ne2 Rd8 26. d4 e4 27. Be3 Kb8 28. Qc3
Rdg8 29. Rfd1 Bf7 30. Rac1 Bh5 31. Rd2 Nf8 32. d5 cxd5 33. Nd4 Bg6 34. Nb5 Qxc4
35. Qe5+ 1-0

[Event "33. Copenhagen Open (Politiken Cup)"]
[Site "Elsinore"]
[Date "2011.08.07"]
[Round "10"]
[White "Schmidt, Kristen"]
[Black "Andersen, Mads"]
[Result "1-0"]
[WhiteElo "2289"]
[BlackElo "2422"]
[PlyCount "127"]
[EventDate "2011.07.30"]
[EventType "swiss"]
[EventRounds "10"]
[EventCountry "DEN"]
[Source "ChessBase"]
[SourceDate "2011.08.29"]

1. e4 c5 2. Nf3 e6 3. Nc3 Nc6 4. Bb5 Nd4 5. O-O a6 6. Bd3 Nc6 7. Re1 g5 8. h3
h5 9. Nh2 Bd6 10. Be2 g4 11. d3 Qc7 12. f4 Bxf4 13. Bxf4 Qxf4 14. hxg4 hxg4 15.
Nxg4 Ne5 16. Rf1 Qg5 17. Qc1 Qg7 18. Nxe5 Qxe5 19. Qf4 Qxf4 20. Rxf4 f6 21. Na4
d6 22. Nb6 Rb8 23. c3 Bd7 24. d4 Ke7 25. Raf1 Be8 26. b4 Rd8 27. Rd1 Rh7 28.
Bc4 Bf7 29. Rf2 Rh4 30. dxc5 dxc5 31. Rxd8 Kxd8 32. Rd2+ Kc7 33. bxc5 Kc6 34.
Bxe6 Bxe6 35. Rd6+ Kxc5 36. Rxe6 Rg4 37. Kf2 Rf4+ 38. Ke2 a5 39. a4 f5 40. e5
Rg4 41. Kf3 Rg7 42. Nc8 b5 43. axb5 Kxb5 44. Nd6+ Kc5 45. Nxf5 Ra7 46. Re8 a4
47. Rxg8 a3 48. Nd4 a2 49. Nc2 Kc4 50. Na1 Kxc3 51. Rb8 Rf7+ 52. Ke2 Rg7 53.
Kf2 Rf7+ 54. Kg1 Rd7 55. Rb3+ Kc4 56. e6 Rd1+ 57. Kf2 Rxa1 58. Ra3 Rb1 59. Rxa2
Rb7 60. Re2 Re7 61. Kf3 Kd5 62. Kf4 Kd6 63. Kf5 Re8 64. e7 1-0

[Event "33. Copenhagen Open (Politiken Cup)"]
[Site "Elsinore"]
[Date "2011.08.07"]
[Round "10"]
[White "Schmied, Andreas"]
[Black "Hansen, Rolf Stig"]
[Result "1/2-1/2"]
[WhiteElo "2081"]
[BlackElo "1918"]
[PlyCount "60"]
[EventDate "2011.07.30"]
[EventType "swiss"]
[EventRounds "10"]
[EventCountry "DEN"]
[Source "ChessBase"]
[SourceDate "2011.08.29"]

1. d4 d5 2. c4 e6 3. Nf3 c6 4. Qc2 Nf6 5. g3 Bb4+ 6. Bd2 Qe7 7. Bg2 Nbd7 8. O-O
O-O 9. Rd1 Re8 10. Bf4 Bd6 11. Nbd2 Bxf4 12. gxf4 Nf8 13. e3 Ng6 14. a3 Bd7 15.
b4 Rec8 16. Qb2 Ne4 17. Nxe4 dxe4 18. Ne5 f5 19. Nxg6 hxg6 20. d5 cxd5 21. cxd5
exd5 22. Rxd5 Rc7 23. Rc1 Rac8 24. Rxc7 Rxc7 25. Qd2 Ba4 26. Bf1 Rc2 27. Rd8+
Kh7 28. Qd5 Be8 29. Qd1 Ba4 30. Qd5 Be8 1/2-1/2

[Event "33. Copenhagen Open (Politiken Cup)"]
[Site "Elsinore"]
[Date "2011.08.07"]
[Round "10"]
[White "Schou Moldt, Thomas"]
[Black "Ambrosanio, Raffaele"]
[Result "1-0"]
[WhiteElo "2167"]
[BlackElo "1967"]
[PlyCount "79"]
[EventDate "2011.07.30"]
[EventType "swiss"]
[EventRounds "10"]
[EventCountry "DEN"]
[Source "ChessBase"]
[SourceDate "2011.08.29"]

1. e4 d6 2. c4 Nf6 3. Nc3 g6 4. d4 Bg7 5. f3 O-O 6. Be3 a6 7. Qd2 Nc6 8. Nge2
Rb8 9. Nc1 e5 10. d5 Nd4 11. Nb3 c5 12. dxc6 Nxb3 13. c7 Qxc7 14. axb3 Be6 15.
Be2 Ne8 16. g4 f6 17. h4 Qf7 18. h5 f5 19. hxg6 hxg6 20. g5 f4 21. Bb6 Qe7 22.
Rg1 Rf7 23. O-O-O Bf8 24. Nd5 Qd7 25. Rh1 Rh7 26. Kb1 Rc8 27. Nb4 Rc6 28. c5
Rxh1 29. Rxh1 dxc5 30. Qxd7 Bxd7 31. Nxc6 Bxc6 32. Rd1 Bd6 33. Rc1 Be7 34. Bxc5
Bxg5 35. Rg1 Bd8 36. Rxg6+ Kh7 37. Rg1 Bf6 38. Bc4 Bg7 39. Bf7 Bf6 40. Bf8 1-0

[Event "33. Copenhagen Open (Politiken Cup)"]
[Site "Elsinore"]
[Date "2011.08.07"]
[Round "10"]
[White "Schroeder, Jan Christian"]
[Black "Carlstedt, Jonathan"]
[Result "0-1"]
[WhiteElo "2164"]
[BlackElo "2336"]
[PlyCount "106"]
[EventDate "2011.07.30"]
[EventType "swiss"]
[EventRounds "10"]
[EventCountry "DEN"]
[Source "ChessBase"]
[SourceDate "2011.08.29"]

1. e4 c6 2. d4 Na6 3. Nc3 Nc7 4. Nf3 d6 5. Be3 g6 6. Qd2 Bg7 7. Bd3 b5 8. h3 a5
9. O-O Ba6 10. Ne2 a4 11. a3 h6 12. Ng3 Nf6 13. Rfe1 Ne6 14. Rad1 Rc8 15. c3
Kf8 16. Nh2 c5 17. d5 Nc7 18. f4 Kg8 19. Be2 Rb8 20. Bf3 Nd7 21. e5 Nb6 22. e6
f5 23. Qc2 Qf8 24. h4 h5 25. Bf2 Bb7 26. Rd2 Nbxd5 27. Ne2 Nf6 28. Ng3 Bd5 29.
Bxd5 Nfxd5 30. c4 Nxf4 31. cxb5 Nfxe6 32. Qc4 Qf7 33. Rde2 Rxb5 34. Rxe6 Rxb2
35. Nf3 Nxe6 36. Rxe6 Bf6 37. Ng5 Bxg5 38. hxg5 h4 39. Rxg6+ Kf8 40. Qc3 Rb1+
41. Nf1 Qxg6 42. Qxh8+ Kf7 43. Qxh4 Kg7 44. Qxa4 Qxg5 45. Qe8 f4 46. a4 f3 47.
g3 Qe5 48. Qd7 Kf7 49. Qg4 Qd5 50. Be3 Rxf1+ 51. Kxf1 Qd1+ 52. Kf2 Qe2+ 53. Kg1
Qg2# 0-1

[Event "33. Copenhagen Open (Politiken Cup)"]
[Site "Elsinore"]
[Date "2011.08.07"]
[Round "10"]
[White "Schultz Pedersen, Jesper"]
[Black "Madison, Sigurd"]
[Result "1-0"]
[WhiteElo "2177"]
[BlackElo "1749"]
[PlyCount "111"]
[EventDate "2011.07.30"]
[EventType "swiss"]
[EventRounds "10"]
[EventCountry "DEN"]
[Source "ChessBase"]
[SourceDate "2011.08.29"]

1. e4 e5 2. Nf3 Nc6 3. Bb5 a6 4. Bxc6 dxc6 5. b3 Bd6 6. Bb2 Qe7 7. d3 Bg4 8.
Nbd2 b5 9. h3 Bd7 10. Nf1 f6 11. Ne3 g6 12. O-O Nh6 13. c4 Nf7 14. Rc1 O-O 15.
Qc2 Qe6 16. c5 Be7 17. d4 Bd8 18. Rfd1 h5 19. dxe5 Nxe5 20. Nxe5 fxe5 21. Bxe5
Qxe5 22. Rxd7 Bh4 23. f3 Qe6 24. Rd3 Bg5 25. Rcd1 Bf4 26. Nf1 Be5 27. Qc1 Qf6
28. Qd2 g5 29. Qe2 Rf7 30. f4 Bxf4 31. Qxh5 Raf8 32. Rd7 Bd6 33. Rxf7 Bxc5+ 34.
Kh1 Rxf7 35. Ng3 Rh7 36. Qe8+ Bf8 37. Nf5 g4 38. Rf1 gxh3 39. g4 Re7 40. Nxe7+
Qxe7 41. Qxe7 Bxe7 42. Kh2 c5 43. Kxh3 a5 44. g5 b4 45. Kg4 a4 46. Rc1 a3 47.
Kf5 Kg7 48. e5 Kf7 49. Rc4 Bf8 50. g6+ Kg7 51. Rg4 Kg8 52. Ke6 Kg7 53. Kd7 c4
54. Rxc4 Kxg6 55. e6 Kf6 56. Rf4+ 1-0

[Event "33. Copenhagen Open (Politiken Cup)"]
[Site "Elsinore"]
[Date "2011.08.07"]
[Round "10"]
[White "Sjol, Henrik"]
[Black "Mortensen, Henrik"]
[Result "1/2-1/2"]
[WhiteElo "1880"]
[BlackElo "2024"]
[PlyCount "38"]
[EventDate "2011.07.30"]
[EventType "swiss"]
[EventRounds "10"]
[EventCountry "DEN"]
[Source "ChessBase"]
[SourceDate "2011.08.29"]

1. d4 f5 2. Nf3 Nf6 3. c4 g6 4. Nc3 Bg7 5. g3 O-O 6. Bg2 d6 7. O-O Nc6 8. b3 a6
9. Bb2 h6 10. a3 Qe8 11. d5 Ne5 12. Qc2 Rb8 13. Rad1 Nfg4 14. h3 Nxf3+ 15. Bxf3
Ne5 16. Bg2 f4 17. Ne4 f3 18. exf3 Nxf3+ 19. Kh1 Bxb2 1/2-1/2

[Event "33. Copenhagen Open (Politiken Cup)"]
[Site "Elsinore"]
[Date "2011.08.07"]
[Round "10"]
[White "Skjoldager, Mikael"]
[Black "Nielsen, Preben"]
[Result "1/2-1/2"]
[WhiteElo "1998"]
[BlackElo "1904"]
[PlyCount "38"]
[EventDate "2011.07.30"]
[EventType "swiss"]
[EventRounds "10"]
[EventCountry "DEN"]
[Source "ChessBase"]
[SourceDate "2011.08.29"]

1. d4 d5 2. c4 c6 3. Nf3 Nf6 4. Nc3 dxc4 5. a4 Bf5 6. Ne5 Nbd7 7. Nxc4 e6 8. g3
Nb6 9. Ne5 Bb4 10. a5 Nbd5 11. Bd2 Bxa5 12. Bg2 Nxc3 13. Bxc3 Bxc3+ 14. bxc3
O-O 15. O-O Nd7 16. e4 Bg6 17. Nc4 Qc7 18. e5 Nb6 19. Nd6 Nc8 1/2-1/2

[Event "33. Copenhagen Open (Politiken Cup)"]
[Site "Elsinore"]
[Date "2011.08.07"]
[Round "10"]
[White "Skou, Niels"]
[Black "Justinussen, Sigurd B"]
[Result "1-0"]
[WhiteElo "2093"]
[BlackElo "1944"]
[PlyCount "66"]
[EventDate "2011.07.30"]
[EventType "swiss"]
[EventRounds "10"]
[EventCountry "DEN"]
[Source "ChessBase"]
[SourceDate "2011.08.29"]

1. d4 d5 2. c4 e6 3. g3 g6 4. Bg2 Bg7 5. Nf3 Nf6 6. O-O O-O 7. Nc3 Nbd7 8. b3
c5 9. cxd5 Nxd5 10. Nxd5 exd5 11. Bb2 b6 12. Rc1 Bb7 13. Ba3 Rc8 14. Bh3 f5 15.
Qd2 Re8 16. Bg2 Qf6 17. e3 Re6 18. h4 h6 19. Qd3 Nb8 20. Rfd1 Bf8 21. Qd2 cxd4
22. Rxc8 Bxc8 23. Bxf8 dxe3 24. fxe3 Kxf8 25. Qxd5 Re8 26. Rc1 Qe7 27. Kh2 Bb7
28. Qd4 Kg8 29. h5 Qxe3 30. Re1 Qxd4 31. Rxe8+ Kf7 32. Nxd4 Kxe8 33. Bxb7 gxh5
1-0

[Event "33. Copenhagen Open (Politiken Cup)"]
[Site "Elsinore"]
[Date "2011.08.07"]
[Round "10"]
[White "Skovle, Lars"]
[Black "Brobakken, Sindre"]
[Result "1/2-1/2"]
[WhiteElo "1656"]
[BlackElo "1317"]
[PlyCount "34"]
[EventDate "2011.07.30"]
[EventType "swiss"]
[EventRounds "10"]
[EventCountry "DEN"]
[Source "ChessBase"]
[SourceDate "2011.08.29"]

1. e4 d5 2. Nc3 d4 3. Nce2 e5 4. Ng3 Nf6 5. Bc4 c5 6. d3 g6 7. f4 Nc6 8. Nf3
Bg4 9. O-O a6 10. a4 Bg7 11. Bd2 O-O 12. Qc1 Bxf3 13. Rxf3 Re8 14. Qf1 h6 15.
Qf2 Ng4 16. Qe2 exf4 17. Rxf4 Nge5 1/2-1/2

[Event "33. Copenhagen Open (Politiken Cup)"]
[Site "Elsinore"]
[Date "2011.08.07"]
[Round "10"]
[White "Sowray, Peter J"]
[Black "Rostgaard, Tobias Valentin"]
[Result "1/2-1/2"]
[WhiteElo "2350"]
[BlackElo "2184"]
[PlyCount "93"]
[EventDate "2011.07.30"]
[EventType "swiss"]
[EventRounds "10"]
[EventCountry "DEN"]
[Source "ChessBase"]
[SourceDate "2011.08.29"]

1. c4 e5 2. g3 Nc6 3. Nc3 Nf6 4. Bg2 Bc5 5. Nf3 d6 6. O-O O-O 7. d3 h6 8. a3 a6
9. b4 Ba7 10. Bb2 Bd7 11. Rc1 Qc8 12. e3 Bh3 13. Nd5 Bxg2 14. Nxf6+ gxf6 15.
Kxg2 Ne7 16. Nh4 Ng6 17. Qh5 Nxh4+ 18. Qxh4 Kg7 19. Rce1 Qf5 20. e4 Qg5 21. Qh3
h5 22. Re2 Qg4 23. f3 Qxh3+ 24. Kxh3 a5 25. Rc2 axb4 26. axb4 Be3 27. Re1 Bd4
28. Bxd4 exd4 29. c5 Ra3 30. Rd1 dxc5 31. Rxc5 c6 32. b5 Rc3 33. Rxc3 dxc3 34.
bxc6 b5 35. Rb1 Rc8 36. Rxb5 Rxc6 37. Rb1 Rd6 38. Rd1 c2 39. Rc1 Rxd3 40. Rxc2
Rxf3 41. Kh4 Kg6 42. Rc5 Re3 43. Rxh5 Rxe4+ 44. g4 Re3 45. Ra5 Rd3 46. Rb5 Re3
47. Ra5 1/2-1/2